000 00696nam a22002417a 4500
005 20260407155817.0
020 _a978-0-19-878397-8
041 _aeng
082 _223rd.
_a344.0101
_bEMP
245 _aEmployment law and human rights
_cRobin Allen QC, Rachel Crasnow QC, Anna Beale, Claire McCann and Rachel Barrett
250 _a3rd ed.
260 _aOxford
_bOxford Universiy Press
_c2018
300 _alxiii,565p.;
_c24cm.
650 _aLabor laws and legislation
650 _aHuman rights
700 _aQC, Robin Allen
700 _aQC, Rachel Crasnow
700 _aBeale, Anna
700 _aMcCann, Claire
700 _aBarrett, Rachel
856 _uwww.oup.com
942 _cBK
999 _c184599
_d184598